| 000 | 00693nam a2200265Ia 4500 | ||
|---|---|---|---|
| 001 | Z_3014 | ||
| 003 | CHAP | ||
| 005 | 20220920183606.0 | ||
| 008 | 220113s2007 xx 000 0 und d | ||
| 010 | _a166101 | ||
| 020 | _a978-958-33-4263-9 | ||
| 040 | _cCHAP | ||
| 090 | _aFolleto 737 | ||
| 111 |
_aAsociación Nacional de Productores de Leche _9140170 |
||
| 245 |
_aRutina de ordeño para la obtención de leche de excelente calidad / _cANALAC |
||
| 260 |
_aColombia : _bANALAC, _c2007 |
||
| 300 |
_a20 p. : _bilus. |
||
| 503 | _ac/e | ||
| 650 |
_aOrdeño _983427 |
||
| 901 | _aFOLLETO 737 | ||
| 902 | _aM | ||
| 910 | _a2007 | ||
| 942 |
_cFOLL _2local |
||
| 942 |
_cFOLL _2local |
||
| 999 |
_c166101 _d166101 |
||